000 00563nam a22001817a 4500
005 20251108164913.0
008 250721s9999 xx 000 0 ara d
082 1 4 _a811.9612/خلي
100 1 _aخضرا، خليل إبراهيم
245 1 0 _aهمس الأعماق :
_bشعر : صور - لبنان /
264 1 _aبنغازي :
_bمطابع الثورة للطباعة و النشر،
_c[19-].
300 _a77ص
650 1 7 _aالشعر العربي
650 1 7 _aالعصر الحديث
650 1 7 _aليبيا
942 _2ddc
_cBK
999 _c17113
_d17113